000 00317nam a22001337a 4500
003 OSt
008 231012b |||||||| |||| 00| 0 eng d
041 _aeng
082 _a894.81209
_bDAM
100 _aDamodharapillai, P
_95519
245 _aDeepandhikam
260 _aCity Press
_bThiruvanandhapuram
_c1968
942 _cBK
999 _c17737
_d17737